Catálogo

Vista normal Vista MARC

Entrada Personal Name

Número de registros utilizados en: 1

001 - CONTROL NUMBER

  • control field: 17063

003 - CONTROL NUMBER IDENTIFIER

  • control field: DLC

005 - DATE AND TIME OF LATEST TRANSACTION

  • control field: 20250513140212.0

008 - FIXED-LENGTH DATA ELEMENTS

  • fixed length control field: 790608n| azannaabn |n aaa

010 ## - LIBRARY OF CONGRESS CONTROL NUMBER

  • LC control number: n 79057225

035 ## - SYSTEM CONTROL NUMBER

  • System control number: (OCoLC)oca00290310

040 ## - CATALOGING SOURCE

  • Original cataloging agency: DLC
  • Language of cataloging: spa
  • Transcribing agency: Mx-PuUPA
  • Modifying agency: OCoLC
  • Description conventions: rda
  • Modifying agency: IAhCCS
  • Modifying agency: Mx-PuUPA

046 ## - SPECIAL CODED DATES

  • Birth date: 1942
  • Death date: 2006

100 1# - HEADING--PERSONAL NAME

  • Personal name: Balzola, Asun,
  • Dates associated with a name: 1942-2006

370 ## - ASSOCIATED PLACE

  • Place of birth: España

374 ## - OCCUPATION

  • Occupation: Autor
  • Occupation: Ilustradora

375 ## - GENDER

  • Gender: mujer

377 ## - ASSOCIATED LANGUAGE

  • Language code: spa

670 ## - SOURCE DATA FOUND

  • Source citation: García Sánchez, J.L. La niña sin nombre, 1978 (a.e.)
  • Information found: cover (Asun Balzola)

670 ## - SOURCE DATA FOUND

  • Source citation: Historica de un erizo, 2014:
  • Information found: t.p. (Asun Balzola) p. 4 of cover (Asun Bazola, Spain, 1942-2006; writer, illustrator, translator) [translated by the cataloger]